| 000 | | | 03107cac2a2200000 x 450 |
| 001 | | | 01f3c915-c163-4bd9-8823-fd1c871481a4 |
| 005 | | | 20160418112816.0 |
| 100 | ## | $a | 20160325l########k l0rusy0189 ca |
| 101 | 0# | $a | rus |
| 200 | 1# | $a | Дублетный фонд Библиотеки |
| | $j | б/д |
| 215 | ## | $a | ед. хр. |
| 330 | ## | $a | Делу № 6536 соответствует дело № 90411 из Основного Русского фонда ( ф. 1, оп. 1)
Делу № 19643 соответствует дело № 15702 из Основного Русского фонда (ф. 1 , оп. 1) .
Делу № 57181 соответствуе дело № 97907 из Основного Русского фонда. (ф.1, оп. 1).
Дело 32841 сканированию не подлежит, т.к. не подходит формат. |
| 102 | ## | $a | RU |
| 251 | ## | $c | Опись |
| 801 | #0 | $a | RU |
| | $b | РГИА |
| | $c | 20160325 |
| | $g | RCR |
| 801 | #1 | $a | RU |
| | $b | ГлавНИВЦ |
| | $c | 20160325 |
| | $2 | rusmarc |
| 801 | #2 | $a | RU |
| | $b | ПБ им. Б.Н. Ельцина |
| | $c | 20160331 |
| | $g | RCR |
| | $2 | rusmarc |
| 850 | ## | $a | РГИА |
| 852 | ## | $a | РГИА |
| | $e | Федеральное казенное учреждение "Российский государственный исторический архив" (РГИА) |
| | $j | 1 |
| | $l | Д |
| 937 | ## | $h | РГИА |
| | $d | 708046 |
| | $a | ASBIBLIO_SCAN |
| 461 | #0 | $1 | 0012640edd5-2044-417d-b282-4ec02c959e00 |
| | $1 | 2001 |
| | $a | Дублетный фонд НСБ |
| | $v | Оп. 1 Д |
| | $1 | 251 |
| | $c | Фонд |
| | $1 | 852 |
| | $j | 0 |
| 035 | ## | $a | 01f3c915-c163-4bd9-8823-fd1c871481a4 |
| 856 | 4# | $u | http://www.prlib.ru/Lib/pages/item.aspx?itemid=137518 |